000 00511nam a22001577a 4500
003 macl
005 20201110162720.0
008 201110b xxu||||| |||| 00| 0 eng d
040 _cmacl
082 _a800/VID
100 _aमिश्र,विद्यानिवास
_975530
245 _aरहिमन पानी राखिए
260 _aदिल्‍ली
_bसरल साहित्‍य पब्लिकेशन
_c2016
650 _aरचनावली
_9163
942 _2ddc
_cHIN
999 _c63863
_d63863